| 000 | 00695nam a22001937a 4500 | ||
|---|---|---|---|
| 005 | 20180504173440.0 | ||
| 010 | _a1718EN-30 B-681066-071 | ||
| 020 |
_a9789385755293 _c499.00 |
||
| 035 | _aB-682066-071 | ||
| 037 |
_bPragati _adpl |
||
| 082 | _aN | ||
| 100 | _aPinto, Jerry | ||
| 245 |
_aMurder in mahim / _cby Jerry Pinto |
||
| 260 |
_aNew Delhi _bSpeaking Tiger _c2017 |
||
| 270 |
_a4381/4, Ansari Road, Daryaganj _bNew Delhi _e110002 |
||
| 300 |
_a232p. _b21cm(hb) |
||
| 942 |
_2ddc _cEN _hN _mPIN |
||
| 999 |
_c145624 _d145624 |
||